Textbook of biodiversity / (Record no. 8938)

MARC details
000 -LEADER
fixed length control field 00682cam a22002294a 4500
001 - CONTROL NUMBER
control field 13284147
003 - CONTROL NUMBER IDENTIFIER
control field OSt
005 - DATE AND TIME OF LATEST TRANSACTION
control field 20240626131345.0
008 - FIXED-LENGTH DATA ELEMENTS--GENERAL INFORMATION
fixed length control field 030722s2003 nhua b 001 0 eng
010 ## - LIBRARY OF CONGRESS CONTROL NUMBER
LC control number 2003055631
020 ## - INTERNATIONAL STANDARD BOOK NUMBER
International Standard Book Number 1578083257
040 ## - CATALOGING SOURCE
Original cataloging agency DDC
Transcribing agency MUST
082 00 - DEWEY DECIMAL CLASSIFICATION NUMBER
Classification number 333.95 KRI 2003
Edition number 20
100 1# - MAIN ENTRY--PERSONAL NAME
Personal name Krishnamurthy, K. V.
9 (RLIN) 8581
245 10 - TITLE STATEMENT
Title Textbook of biodiversity /
Statement of responsibility, etc. K.V. Krishnamurthy.
260 ## - PUBLICATION, DISTRIBUTION, ETC. (IMPRINT)
Place of publication, distribution, etc. Enfield, NH :
Name of publisher, distributor, etc. Science Publishers,
Date of publication, distribution, etc. c2003.
300 ## - PHYSICAL DESCRIPTION
Extent xv, 260 p. :
Other physical details ill. ;
Dimensions 25 cm.
504 ## - BIBLIOGRAPHY, ETC. NOTE
Bibliography, etc Includes bibliographical references and indexes.
650 #0 - SUBJECT ADDED ENTRY--TOPICAL TERM
Topical term or geographic name as entry element Biodiversity.
9 (RLIN) 1737
650 #0 - SUBJECT ADDED ENTRY--TOPICAL TERM
Topical term or geographic name as entry element Biodiversity conservation.
9 (RLIN) 17761
942 ## - ADDED ENTRY ELEMENTS (KOHA)
Source of classification or shelving scheme Dewey Decimal Classification
Koha item type Open Shelf
Holdings
Withdrawn status Lost status Source of classification or shelving scheme Damaged status Not for loan Home library Current library Source of acquisition Inventory number Total Checkouts Full call number Barcode Date last seen Koha item type
    Dewey Decimal Classification     MUST Main Library MUST Main Library Purchase 05/23487   333.95 KRI 2003 2024-21453 26/06/2024 Open Shelf